[Event "Schenectady op"]
[Site "Schenectady"]
[Date "2016.07.16"]
[Round "1"]
[White "Christofferson, Michael S"]
[Black "Sharp, Dale Eugene"]
[Result "0-1"]
[WhiteElo "1842"]
[BlackElo "2134"]
[PlyCount "39"]
[EventDate "2016.07.16"]
[EventType "swiss"]
[EventRounds "5"]
[EventCountry "USA"]
[SourceTitle "EXT 2018"]
[Source "ChessBase"]
[SourceDate "2017.10.13"]
[SourceVersion "1"]
[SourceVersionDate "2017.10.13"]
[SourceQuality "1"]

1. e4 e5 2. Nf3 Nc6 3. d4 exd4 4. Nxd4 Qh4 5. Nc3 Bb4 6. Be2 Qxe4 7. Ndb5 Kd8 8. 0-0 Bxc3 9. Nxc3 Qd4 10. Bd3 d6 11. Be3 Qh4 12. Qd2 f6 13. Rfe1 Nge7 14. Rad1 Bg4 15. f3 Bf5 16. Bxf5 Nxf5 17. Bf2 Qb4 18. b3 Kd7 19. Ra1 Rad8 20. a3 0-1